[Event "Bundesliga 9697"]
[Site "Deutschland"]
[Date "1996.??.??"]
[Round "?.6"]
[White "Luther, Thomas"]
[Black "Becker, Marc"]
[Result "1/2-1/2"]
[WhiteElo "2495"]
[BlackElo "2415"]
[PlyCount "66"]
[EventDate "1996.10.??"]
[EventType "team"]
[EventRounds "15"]
[EventCountry "GER"]
[SourceTitle "Bundesliga 9697"]
[Source "DeepChess"]
[SourceDate "2005.01.01"]
[SourceVersion "1"]
[SourceVersionDate "2005.01.01"]
[SourceQuality "1"]
[WhiteTeam "SV Empor Berlin e.V."]
[BlackTeam "SC Anderssen St.Ingbert 1920 e.V."]
[WhiteTeamCountry "GER"]
[BlackTeamCountry "GER"]

1. e4 e5 2. Nf3 Nc6 3. Bb5 a6 4. Ba4 Nf6 5. O-O Be7 6. Re1 b5 7. Bb3 O-O 8. a4
Bb7 9. d3 Re8 10. Nc3 b4 11. Nd5 Na5 12. Nxe7+ Qxe7 13. Ba2 d5 14. exd5 Qd6 15.
Ng5 Bxd5 16. Bxd5 Qxd5 17. Ne4 Nxe4 18. dxe4 Qxd1 19. Rxd1 b3 20. cxb3 Nxb3 21.
Rb1 Nc5 22. Be3 Nxa4 23. Rdc1 Re7 24. b3 Nb6 25. Rc6 a5 26. Kf1 f6 27. Ra1 Kf7
28. Bxb6 cxb6 29. Rxb6 Rea7 30. Ra4 Rc7 31. Ra2 Rca7 32. Ra4 Rc7 33. Ra2 Rca7
1/2-1/2

[Event "Bundesliga 9697"]
[Site "Deutschland"]
[Date "1996.??.??"]
[Round "?.7"]
[White "Kummerow, Heiko"]
[Black "Volke, Karsten"]
[Result "0-1"]
[WhiteElo "2265"]
[BlackElo "2475"]
[PlyCount "56"]
[EventDate "1996.10.??"]
[EventType "team"]
[EventRounds "15"]
[EventCountry "GER"]
[SourceTitle "Bundesliga 9697"]
[Source "DeepChess"]
[SourceDate "2005.01.01"]
[SourceVersion "1"]
[SourceVersionDate "2005.01.01"]
[SourceQuality "1"]
[WhiteTeam "SC Anderssen St.Ingbert 1920 e.V."]
[BlackTeam "SV Empor Berlin e.V."]
[WhiteTeamCountry "GER"]
[BlackTeamCountry "GER"]

1. e4 c5 2. Nf3 e6 3. d4 cxd4 4. Nxd4 Nf6 5. Nc3 d6 6. Be2 Be7 7. O-O O-O 8. f4
Nc6 9. Be3 e5 10. Nb3 exf4 11. Bxf4 Be6 12. Qd2 d5 13. exd5 Nxd5 14. Nxd5 Qxd5
15. Rad1 Qxd2 16. Rxd2 a5 17. c3 a4 18. Nc1 a3 19. b3 Bf6 20. c4 Bc3 21. Rdd1
Nd4 22. h3 Rad8 23. Bd3 Bb2 24. Be5 Bxc1 25. Rxc1 Nc6 26. Be4 Nxe5 27. Bxb7 Rd2
28. c5 Rxa2 0-1

[Event "Bundesliga 9697"]
[Site "Deutschland"]
[Date "1996.??.??"]
[Round "?.8"]
[White "Poldauf, Dirk"]
[Black "Jung, Karl Otto"]
[Result "1-0"]
[WhiteElo "2470"]
[BlackElo "2190"]
[PlyCount "107"]
[EventDate "1996.10.??"]
[EventType "team"]
[EventRounds "15"]
[EventCountry "GER"]
[SourceTitle "Bundesliga 9697"]
[Source "DeepChess"]
[SourceDate "2005.01.01"]
[SourceVersion "1"]
[SourceVersionDate "2005.01.01"]
[SourceQuality "1"]
[WhiteTeam "SV Empor Berlin e.V."]
[BlackTeam "SC Anderssen St.Ingbert 1920 e.V."]
[WhiteTeamCountry "GER"]
[BlackTeamCountry "GER"]

1. c4 Nf6 2. Nc3 c5 3. g3 Nc6 4. Bg2 g6 5. e3 Bg7 6. Nge2 Ne5 7. d3 O-O 8. O-O
d6 9. b3 Rb8 10. d4 Ned7 11. Bb2 a6 12. a4 b6 13. Qc2 Bb7 14. d5 Bc8 15. e4 Ne5
16. f4 Neg4 17. Qd2 Ne8 18. Rae1 Nc7 19. h3 Nf6 20. Nc1 b5 21. e5 Nfe8 22. Nd3
Bf5 23. Ne4 Bxe4 24. Rxe4 bxc4 25. bxc4 Rb3 26. Qc2 Qb8 27. Ba1 e6 28. Re2 exd5
29. cxd5 Qb6 30. Kh2 a5 31. exd6 Na6 32. Ne5 Nf6 33. Nc4 Qb4 34. Nxa5 Ra3 35.
Nc6 Qxa4 36. Qxa4 Rxa4 37. Re7 Nb8 38. Rb7 Nfd7 39. Bxg7 Kxg7 40. Rfb1 Ra8 41.
Bf1 Kf6 42. Re1 Ra2+ 43. Kg1 g5 44. fxg5+ Kxg5 45. Re7 Kf6 46. Re3 Kg7 47. h4
Ra1 48. Kf2 Ra2+ 49. Kf3 Ra8 50. Nxb8 Nxb8 51. Bb5 Rd8 52. d7 Ra5 53. Re8 Rxb5
54. Rxb5 1-0

[Event "Bundesliga 9697"]
[Site "Deutschland"]
[Date "1996.??.??"]
[Round "?.1"]
[White "Votava, Jan"]
[Black "Dautov, Rustem"]
[Result "1/2-1/2"]
[WhiteElo "2545"]
[BlackElo "2615"]
[PlyCount "85"]
[EventDate "1996.10.??"]
[EventType "team"]
[EventRounds "15"]
[EventCountry "GER"]
[SourceTitle "Bundesliga 9697"]
[Source "DeepChess"]
[SourceDate "2005.01.01"]
[SourceVersion "1"]
[SourceVersionDate "2005.01.01"]
[SourceQuality "1"]
[WhiteTeam "SV Erfurt West 90"]
[BlackTeam "SC Anderssen St.Ingbert 1920 e.V."]
[WhiteTeamCountry "GER"]
[BlackTeamCountry "GER"]

1. e4 c6 2. d4 d5 3. Nd2 dxe4 4. Nxe4 Bf5 5. Ng3 Bg6 6. Bc4 e6 7. N1e2 Nf6 8.
Nf4 Bd6 9. Be3 Nd5 10. Nxg6 hxg6 11. Qf3 Qf6 12. Ke2 Qe7 13. h3 Nd7 14. Rhe1
N7b6 15. Bb3 Nxe3 16. fxe3 f5 17. e4 O-O-O 18. Kf1 fxe4 19. Qg4 Qf6+ 20. Kg1
Qxd4+ 21. Kh1 Qe5 22. Qxe6+ Kb8 23. Qxe5 Bxe5 24. Nxe4 Bxb2 25. Rab1 Bf6 26.
Bf7 g5 27. Nxf6 gxf6 28. Re6 Rh6 29. Rf1 Nd5 30. Rd1 Rh7 31. Bg6 Rhd7 32. g3
Kc7 33. c4 Re7 34. Rde1 Rxe6 35. Rxe6 Nc3 36. Rxf6 Rd6 37. Rxd6 Kxd6 38. a3 Ke5
39. Kg2 b5 40. cxb5 Nxb5 41. a4 Nd6 42. Kf3 c5 43. Bc2 1/2-1/2

[Event "Bundesliga 9697"]
[Site "Deutschland"]
[Date "1996.??.??"]
[Round "?.2"]
[White "Martinovic, Slobodan"]
[Black "Casper, Thomas"]
[Result "1/2-1/2"]
[WhiteElo "2500"]
[BlackElo "2405"]
[PlyCount "37"]
[EventDate "1996.10.??"]
[EventType "team"]
[EventRounds "15"]
[EventCountry "GER"]
[SourceTitle "Bundesliga 9697"]
[Source "DeepChess"]
[SourceDate "2005.01.01"]
[SourceVersion "1"]
[SourceVersionDate "2005.01.01"]
[SourceQuality "1"]
[WhiteTeam "SC Anderssen St.Ingbert 1920 e.V."]
[BlackTeam "SV Erfurt West 90"]
[WhiteTeamCountry "GER"]
[BlackTeamCountry "GER"]

1. Nf3 Nf6 2. g3 d6 3. Bg2 e5 4. d3 Be7 5. c4 O-O 6. Nc3 Re8 7. O-O h6 8. Rb1
Bf8 9. b4 a6 10. Nd2 c6 11. a4 d5 12. b5 axb5 13. axb5 Be6 14. Qc2 Nbd7 15.
bxc6 bxc6 16. Bb2 Nc5 17. cxd5 cxd5 18. Nb5 Bd7 19. Nc3 1/2-1/2

[Event "Bundesliga 9697"]
[Site "Deutschland"]
[Date "1996.??.??"]
[Round "?.3"]
[White "Renner, Christoph"]
[Black "Bauer, Christian"]
[Result "0-1"]
[WhiteElo "2445"]
[BlackElo "2465"]
[PlyCount "98"]
[EventDate "1996.10.??"]
[EventType "team"]
[EventRounds "15"]
[EventCountry "GER"]
[SourceTitle "Bundesliga 9697"]
[Source "DeepChess"]
[SourceDate "2005.01.01"]
[SourceVersion "1"]
[SourceVersionDate "2005.01.01"]
[SourceQuality "1"]
[WhiteTeam "SV Erfurt West 90"]
[BlackTeam "SC Anderssen St.Ingbert 1920 e.V."]
[WhiteTeamCountry "GER"]
[BlackTeamCountry "GER"]

1. e4 c5 2. c3 d5 3. exd5 Qxd5 4. d4 Nf6 5. Nf3 Bg4 6. Be2 e6 7. h3 Bh5 8. O-O
Nc6 9. c4 Qd7 10. dxc5 Rd8 11. a3 Qc7 12. Qa4 Bxc5 13. b4 Bxf3 14. Bxf3 Bd4 15.
Ra2 O-O 16. Nd2 Ne5 17. Be2 a6 18. Qb3 Ba7 19. Nf3 Ng6 20. Re1 Bb8 21. Bf1 h6
22. Bb2 Rfe8 23. Bxf6 gxf6 24. g3 f5 25. h4 h5 26. Ng5 Ne5 27. Qc3 Qd6 28. Be2
Qd4 29. Qxd4 Rxd4 30. Bxh5 Re7 31. c5 f4 32. Rae2 f6 33. Ne4 Kg7 34. Kg2 Nc4
35. a4 Ne5 36. Rb1 Red7 37. c6 bxc6 38. Nc5 Re7 39. Nxa6 Bd6 40. b5 cxb5 41.
axb5 Kh6 42. Bf3 Rd3 43. Rxe5 Bxe5 44. b6 fxg3 45. fxg3 Rd2+ 46. Kh1 Bxg3 47.
b7 Rg7 48. Rb6 Rh2+ 49. Kg1 Bc7+ 0-1

[Event "Bundesliga 9697"]
[Site "Deutschland"]
[Date "1996.??.??"]
[Round "?.4"]
[White "Ristic, Nenad"]
[Black "Kuczynski, Robert"]
[Result "1/2-1/2"]
[WhiteElo "2445"]
[BlackElo "2510"]
[PlyCount "65"]
[EventDate "1996.10.??"]
[EventType "team"]
[EventRounds "15"]
[EventCountry "GER"]
[SourceTitle "Bundesliga 9697"]
[Source "DeepChess"]
[SourceDate "2005.01.01"]
[SourceVersion "1"]
[SourceVersionDate "2005.01.01"]
[SourceQuality "1"]
[WhiteTeam "SC Anderssen St.Ingbert 1920 e.V."]
[BlackTeam "SV Erfurt West 90"]
[WhiteTeamCountry "GER"]
[BlackTeamCountry "GER"]

1. d4 d5 2. Nf3 c6 3. c4 Nf6 4. Nc3 e6 5. Bg5 h6 6. Bh4 dxc4 7. e4 g5 8. Bg3 b5
9. Be2 Bb7 10. O-O a6 11. a4 Nbd7 12. d5 cxd5 13. exd5 Nxd5 14. axb5 Nxc3 15.
bxc3 axb5 16. Rb1 Be7 17. Nd4 Nf6 18. Bxc4 O-O 19. Rxb5 Qc8 20. Qb1 Bd5 21.
Bxd5 Nxd5 22. Rb3 Nxc3 23. Qd3 Nd5 24. h4 Bf6 25. hxg5 hxg5 26. Nf3 Qa6 27. Qd2
Qc4 28. Be5 Qxb3 29. Bxf6 Nxf6 30. Qxg5+ Kh7 31. Qh4+ Kg8 32. Qg5+ Kh7 33. Qh4+
1/2-1/2

[Event "Bundesliga 9697"]
[Site "Deutschland"]
[Date "1996.??.??"]
[Round "?.5"]
[White "Voekler, Bernd"]
[Black "Kachiani Gersinska, Ketino"]
[Result "1/2-1/2"]
[WhiteElo "2385"]
[BlackElo "2415"]
[PlyCount "40"]
[EventDate "1996.10.??"]
[EventType "team"]
[EventRounds "15"]
[EventCountry "GER"]
[SourceTitle "Bundesliga 9697"]
[Source "DeepChess"]
[SourceDate "2005.01.01"]
[SourceVersion "1"]
[SourceVersionDate "2005.01.01"]
[SourceQuality "1"]
[WhiteTeam "SV Erfurt West 90"]
[BlackTeam "SC Anderssen St.Ingbert 1920 e.V."]
[WhiteTeamCountry "GER"]
[BlackTeamCountry "GER"]

1. e4 c6 2. d4 d5 3. Nc3 dxe4 4. Nxe4 Bf5 5. Ng3 Bg6 6. Nf3 Nf6 7. h4 h6 8. h5
Bh7 9. Bd3 Bxd3 10. Qxd3 e6 11. Bd2 Be7 12. O-O-O O-O 13. Kb1 c5 14. Ne4 Nbd7
15. Rhe1 cxd4 16. g4 Nxe4 17. Qxe4 Nc5 18. Qxd4 Qxd4 19. Nxd4 Rfd8 20. Be3 a6
1/2-1/2

[Event "Bundesliga 9697"]
[Site "Deutschland"]
[Date "1996.??.??"]
[Round "?.6"]
[White "Werner, Dimo"]
[Black "Mueller, Matthias"]
[Result "1/2-1/2"]
[WhiteElo "2385"]
[BlackElo "2375"]
[PlyCount "52"]
[EventDate "1996.10.??"]
[EventType "team"]
[EventRounds "15"]
[EventCountry "GER"]
[SourceTitle "Bundesliga 9697"]
[Source "DeepChess"]
[SourceDate "2005.01.01"]
[SourceVersion "1"]
[SourceVersionDate "2005.01.01"]
[SourceQuality "1"]
[WhiteTeam "SC Anderssen St.Ingbert 1920 e.V."]
[BlackTeam "SV Erfurt West 90"]
[WhiteTeamCountry "GER"]
[BlackTeamCountry "GER"]

1. e4 e5 2. Nf3 Nc6 3. Bb5 a6 4. Ba4 Nf6 5. O-O Be7 6. Re1 b5 7. Bb3 d6 8. h3
O-O 9. c3 Bb7 10. d3 Na5 11. Bc2 c5 12. Nbd2 Re8 13. Nf1 Bf8 14. Ng3 d5 15. Qe2
h6 16. Nh2 c4 17. Ng4 cxd3 18. Bxd3 Nxe4 19. Nxe4 dxe4 20. Bxe4 Bxe4 21. Qxe4
Nc4 22. b3 Nd6 23. Qd5 Nf5 24. Qe4 Nd6 25. Qd5 Nf5 26. Qe4 Nd6 1/2-1/2

[Event "Bundesliga 9697"]
[Site "Deutschland"]
[Date "1996.??.??"]
[Round "?.7"]
[White "Brueggemann, Joachim"]
[Black "Becker, Marc"]
[Result "1/2-1/2"]
[WhiteElo "2285"]
[BlackElo "2415"]
[PlyCount "167"]
[EventDate "1996.10.??"]
[EventType "team"]
[EventRounds "15"]
[EventCountry "GER"]
[SourceTitle "Bundesliga 9697"]
[Source "DeepChess"]
[SourceDate "2005.01.01"]
[SourceVersion "1"]
[SourceVersionDate "2005.01.01"]
[SourceQuality "1"]
[WhiteTeam "SV Erfurt West 90"]
[BlackTeam "SC Anderssen St.Ingbert 1920 e.V."]
[WhiteTeamCountry "GER"]
[BlackTeamCountry "GER"]

1. e4 e5 2. Nf3 Nc6 3. d4 exd4 4. Nxd4 Bc5 5. Nb3 Bb6 6. Nc3 Qf6 7. Qe2 Nge7 8.
Be3 O-O 9. O-O-O d6 10. f4 Bxe3+ 11. Qxe3 Qh6 12. g3 Be6 13. Bg2 Rfe8 14. Nd4
Nxd4 15. Qxd4 Nc6 16. Qd2 a5 17. Rde1 Nb4 18. a3 Na6 19. e5 Rad8 20. exd6 Rxd6
21. Qe3 b6 22. g4 Rdd8 23. f5 Qxe3+ 24. Rxe3 Bd7 25. Rxe8+ Bxe8 26. g5 Kf8 27.
Re1 Nb8 28. Re3 Bc6 29. Bf1 Nd7 30. Nb5 Bxb5 31. Bxb5 Nc5 32. b4 axb4 33. axb4
Nb7 34. Bc6 Nd6 35. f6 gxf6 36. gxf6 Nf5 37. Re5 Nd4 38. Ba4 Ra8 39. Bd7 Rd8
40. Re7 Ne2+ 41. Kb2 c5 42. b5 Nf4 43. Bc6 Rb8 44. Kc3 Kg8 45. Bf3 h5 46. Rd7
Re8 47. Re7 Rd8 48. Re5 Rd4 49. Bxh5 Nd5+ 50. Kb2 Rb4+ 51. Kc1 Nxf6 52. Be2 Rh4
53. Rg5+ Kf8 54. Rg2 Nd5 55. Bf3 Nc3 56. Bc6 Rb4 57. Rf2 Nxb5 58. h4 Nd6 59.
Rh2 Nf5 60. h5 Rh4 61. Rxh4 Nxh4 62. Kd2 Nf5 63. Kd3 Nd6 64. Ke3 Kg7 65. Kf4 f6
66. Bf3 Kh6 67. Be2 b5 68. c3 Kh7 69. Ke3 Kg7 70. Bd1 Kh6 71. Kf4 Nc4 72. Be2
Nd6 73. Bd1 b4 74. cxb4 cxb4 75. Ke3 Nb7 76. Kd4 Na5 77. Kc5 b3 78. Kb4 f5 79.
Kc3 Kg5 80. Be2 f4 81. Bd1 Kh6 82. Be2 Nc6 83. Bd1 Nd4 84. Kxd4 1/2-1/2

[Event "Bundesliga 9697"]
[Site "Deutschland"]
[Date "1996.??.??"]
[Round "?.8"]
[White "Kummerow, Heiko"]
[Black "Fuhrmann, Daniel"]
[Result "0-1"]
[WhiteElo "2265"]
[BlackElo "2265"]
[PlyCount "122"]
[EventDate "1996.10.??"]
[EventType "team"]
[EventRounds "15"]
[EventCountry "GER"]
[SourceTitle "Bundesliga 9697"]
[Source "DeepChess"]
[SourceDate "2005.01.01"]
[SourceVersion "1"]
[SourceVersionDate "2005.01.01"]
[SourceQuality "1"]
[WhiteTeam "SC Anderssen St.Ingbert 1920 e.V."]
[BlackTeam "SV Erfurt West 90"]
[WhiteTeamCountry "GER"]
[BlackTeamCountry "GER"]

1. e4 c5 2. Nf3 e6 3. d4 cxd4 4. Nxd4 a6 5. Bd3 Qc7 6. O-O Nf6 7. c4 d6 8. Nc3
Nbd7 9. Qe2 g6 10. Nf3 Bg7 11. Bf4 Ng4 12. Rac1 Nge5 13. Rfd1 O-O 14. b3 Re8
15. Bb1 Bf8 16. Ng5 b6 17. Be3 Nf6 18. h3 Bb7 19. f4 Ned7 20. Qf2 Rac8 21. Kh1
Bc6 22. e5 dxe5 23. fxe5 Qxe5 24. Nxf7 Kxf7 25. Rxd7+ Bxd7 26. Rf1 Bc5 27. Bxc5
bxc5 28. Ne4 Kg7 29. Qxf6+ Qxf6 30. Rxf6 Bc6 31. Rf2 Bxe4 32. Bxe4 Rcd8 33. Re2
Rd1+ 34. Kh2 Red8 35. Bb7 R8d6 36. Re5 h5 37. Rxc5 h4 38. Bf3 Ra1 39. Ra5 Kf6
40. c5 Rd3 41. Ra4 g5 42. Rc4 Re3 43. Rc2 Ree1 44. g3 Rec1 45. Rf2 Rf1 46. Rxf1
Rxf1 47. Kg2 Rc1 48. gxh4 gxh4 49. Be2 Rxc5 50. Bxa6 Ra5 51. Bc4 Rxa2+ 52. Kf3
Rd2 53. Be2 Rd4 54. Ke3 e5 55. Bf3 Ke6 56. Bh5 Rb4 57. Bd1 Kd5 58. Bf3+ e4 59.
Bd1 Ke5 60. Bc2 Rd4 61. Bb1 Rd1 0-1

[Event "Bundesliga 9697"]
[Site "Deutschland"]
[Date "1997.??.??"]
[Round "?.1"]
[White "Dautov, Rustem"]
[Black "Slobodjan, Roman"]
[Result "0-1"]
[WhiteElo "2590"]
[BlackElo "2520"]
[PlyCount "82"]
[EventDate "1996.10.??"]
[EventType "team"]
[EventRounds "15"]
[EventCountry "GER"]
[SourceTitle "Bundesliga 9697"]
[Source "DeepChess"]
[SourceDate "2005.01.01"]
[SourceVersion "1"]
[SourceVersionDate "2005.01.01"]
[SourceQuality "1"]
[WhiteTeam "SC Anderssen St.Ingbert 1920 e.V."]
[BlackTeam "USC Magdeburg"]
[WhiteTeamCountry "GER"]
[BlackTeamCountry "GER"]

1. d4 d5 2. c4 c6 3. Nf3 Nf6 4. Nc3 e6 5. Bg5 h6 6. Bxf6 Qxf6 7. e3 Nd7 8. Bd3
dxc4 9. Bxc4 g6 10. O-O Bg7 11. Qc2 O-O 12. a3 Qe7 13. Rfe1 b6 14. e4 Bb7 15.
Rad1 Rfd8 16. Ba2 Rac8 17. e5 Nf8 18. Qe2 Rc7 19. Rd2 Rcd7 20. Red1 g5 21. h3
Ng6 22. Qe3 Nf4 23. Bb1 c5 24. Be4 cxd4 25. Rxd4 Rxd4 26. Rxd4 Rxd4 27. Qxd4
Bxe4 28. Qxe4 Ng6 29. Nb5 Qc5 30. Qa8+ Kh7 31. Nxa7 Qc1+ 32. Kh2 Qxb2 33. Qe4
Qxa3 34. Nc6 Qc5 35. h4 gxh4 36. Kg1 Qc1+ 37. Kh2 Qf4+ 38. Qxf4 Nxf4 39. Kg1 h3
40. g3 Nd3 41. Kf1 Kg8 0-1

[Event "Bundesliga 9697"]
[Site "Deutschland"]
[Date "1997.??.??"]
[Round "?.2"]
[White "Rogozenko, Dorian"]
[Black "Bauer, Christian"]
[Result "1-0"]
[WhiteElo "2530"]
[BlackElo "2505"]
[PlyCount "85"]
[EventDate "1996.10.??"]
[EventType "team"]
[EventRounds "15"]
[EventCountry "GER"]
[SourceTitle "Bundesliga 9697"]
[Source "DeepChess"]
[SourceDate "2005.01.01"]
[SourceVersion "1"]
[SourceVersionDate "2005.01.01"]
[SourceQuality "1"]
[WhiteTeam "USC Magdeburg"]
[BlackTeam "SC Anderssen St.Ingbert 1920 e.V."]
[WhiteTeamCountry "GER"]
[BlackTeamCountry "GER"]

1. d4 Nf6 2. c4 g6 3. g3 Bg7 4. Bg2 O-O 5. Nc3 d6 6. Nf3 c6 7. O-O Na6 8. h3
Bf5 9. Nh4 Bd7 10. e4 e5 11. Nf3 Re8 12. dxe5 dxe5 13. Be3 Qe7 14. a3 Nc5 15.
Qc2 a5 16. Bxc5 Qxc5 17. Na4 Qe7 18. Nb6 Rad8 19. c5 Be6 20. b4 axb4 21. axb4
Nd7 22. Nc4 Rf8 23. h4 h6 24. h5 Bf6 25. hxg6 fxg6 26. Ra7 Rb8 27. Na5 Qd8 28.
Rd1 Qc8 29. Rd6 Re8 30. Bf1 Kg7 31. Qd2 Re7 32. Ba6 Nxc5 33. bxc5 bxa6 34.
Rxe7+ Bxe7 35. Rxc6 Rb1+ 36. Kh2 Qg8 37. Rc7 Qf8 38. Nxe5 Rf1 39. Kg2 Bh3+ 40.
Kxh3 Rxf2 41. Rxe7+ Qxe7 42. Qxf2 Qxe5 43. Kh2 1-0

[Event "Bundesliga 9697"]
[Site "Deutschland"]
[Date "1997.??.??"]
[Round "?.4"]
[White "Naumann, Alexander"]
[Black "Kachiani Gersinska, Ketino"]
[Result "0-1"]
[WhiteElo "2380"]
[BlackElo "2375"]
[PlyCount "64"]
[EventDate "1996.10.??"]
[EventType "team"]
[EventRounds "15"]
[EventCountry "GER"]
[SourceTitle "Bundesliga 9697"]
[Source "DeepChess"]
[SourceDate "2005.01.01"]
[SourceVersion "1"]
[SourceVersionDate "2005.01.01"]
[SourceQuality "1"]
[WhiteTeam "USC Magdeburg"]
[BlackTeam "SC Anderssen St.Ingbert 1920 e.V."]
[WhiteTeamCountry "GER"]
[BlackTeamCountry "GER"]

1. d4 Nf6 2. c4 g6 3. Nc3 Bg7 4. e4 d6 5. Nf3 O-O 6. Be2 e5 7. dxe5 dxe5 8.
Qxd8 Rxd8 9. Nd5 Nxd5 10. cxd5 c6 11. Bc4 b5 12. Bb3 Bb7 13. Bg5 Rc8 14. Rd1 c5
15. Ke2 a5 16. Nd2 c4 17. Bc2 Nd7 18. Rc1 Bf8 19. Be3 a4 20. a3 c3 21. bxc3
Bxa3 22. Rb1 Rxc3 23. Bd3 b4 24. Bb5 Ba6 25. Bxa6 Rxa6 26. f4 f6 27. Rhf1 b3
28. fxe5 Nxe5 29. Bd4 Rc2 30. Ke3 Bb4 31. Nxb3 axb3 32. Rxb3 Bd2+ 0-1

[Event "Bundesliga 9697"]
[Site "Deutschland"]
[Date "1997.??.??"]
[Round "?.5"]
[White "Werner, Dimo"]
[Black "Stolz, Mike"]
[Result "1-0"]
[WhiteElo "2385"]
[BlackElo "2280"]
[PlyCount "89"]
[EventDate "1996.10.??"]
[EventType "team"]
[EventRounds "15"]
[EventCountry "GER"]
[SourceTitle "Bundesliga 9697"]
[Source "DeepChess"]
[SourceDate "2005.01.01"]
[SourceVersion "1"]
[SourceVersionDate "2005.01.01"]
[SourceQuality "1"]
[WhiteTeam "SC Anderssen St.Ingbert 1920 e.V."]
[BlackTeam "USC Magdeburg"]
[WhiteTeamCountry "GER"]
[BlackTeamCountry "GER"]

1. e4 e6 2. d4 d5 3. Nd2 Nf6 4. e5 Nfd7 5. f4 c5 6. c3 Nc6 7. Ndf3 cxd4 8. cxd4
Qb6 9. Ne2 f6 10. h4 Bb4+ 11. Bd2 Be7 12. Bc3 O-O 13. Qc2 a5 14. a3 a4 15. Neg1
Qa7 16. Bd3 f5 17. h5 Nb6 18. Ne2 Bd7 19. Kf2 Qb8 20. Bd2 Na7 21. Nc3 Qe8 22.
g4 Rc8 23. gxf5 exf5 24. Rae1 Rc6 25. Qb1 Rh6 26. b3 Nc6 27. bxa4 Qd8 28. Ne2
Nxa4 29. Ng3 Qc8 30. Qb3 Nd8 31. Qxd5+ Be6 32. Nxf5 Rxf5 33. Bxf5 Bxd5 34. Bxc8
Nb2 35. Bf5 Bxa3 36. Ra1 Nc4 37. Bc1 Be7 38. Ra8 b5 39. Rb8 b4 40. Bd3 Ra6 41.
Rb5 Nb6 42. Rxd5 Ra2+ 43. Kg3 Nxd5 44. Bc4 Ra5 45. Nd2 1-0

[Event "Bundesliga 9697"]
[Site "Deutschland"]
[Date "1997.??.??"]
[Round "?.6"]
[White "Kapischka, Jens"]
[Black "Gross, Georg"]
[Result "1/2-1/2"]
[WhiteElo "2315"]
[BlackElo "2340"]
[PlyCount "93"]
[EventDate "1996.10.??"]
[EventType "team"]
[EventRounds "15"]
[EventCountry "GER"]
[SourceTitle "Bundesliga 9697"]
[Source "DeepChess"]
[SourceDate "2005.01.01"]
[SourceVersion "1"]
[SourceVersionDate "2005.01.01"]
[SourceQuality "1"]
[WhiteTeam "USC Magdeburg"]
[BlackTeam "SC Anderssen St.Ingbert 1920 e.V."]
[WhiteTeamCountry "GER"]
[BlackTeamCountry "GER"]

1. Nf3 f5 2. g3 Nf6 3. Bg2 g6 4. O-O Bg7 5. c4 O-O 6. d3 d6 7. Nc3 e5 8. Bg5 h6
9. Bxf6 Qxf6 10. Rb1 c6 11. Nd2 Be6 12. Qc2 Nd7 13. Rfc1 Rac8 14. Qa4 a6 15. b4
Qf7 16. Qa5 Bf6 17. e3 Bd8 18. Qa3 Bb6 19. Nd1 d5 20. cxd5 Bxd5 21. Nc4 Bxg2
22. Kxg2 f4 23. Qb3 fxe3 24. Ncxe3 Rcd8 25. Qxf7+ Rxf7 26. Nc4 Bc7 27. Nde3 Nf6
28. Rb3 Rfd7 29. Nb2 Bb6 30. a4 Bd4 31. b5 cxb5 32. axb5 a5 33. b6 Kf7 34. Rb5
Ke6 35. Na4 Nd5 36. Rxa5 Nxe3+ 37. fxe3 Bxe3 38. Nc5+ Bxc5 39. Rcxc5 Rd5 40.
Rxd5 Rxd5 41. Ra7 Rd7 42. Kf2 Kd6 43. Ke3 Kc6 44. Ra8 Kxb6 45. Re8 Kc5 46.
Rxe5+ Kd6 47. Rb5 1/2-1/2

[Event "Bundesliga 9697"]
[Site "Deutschland"]
[Date "1997.??.??"]
[Round "?.7"]
[White "Becker, Marc"]
[Black "Darnstaedt, Frank"]
[Result "1/2-1/2"]
[WhiteElo "2415"]
[BlackElo "2295"]
[PlyCount "53"]
[EventDate "1996.10.??"]
[EventType "team"]
[EventRounds "15"]
[EventCountry "GER"]
[SourceTitle "Bundesliga 9697"]
[Source "DeepChess"]
[SourceDate "2005.01.01"]
[SourceVersion "1"]
[SourceVersionDate "2005.01.01"]
[SourceQuality "1"]
[WhiteTeam "SC Anderssen St.Ingbert 1920 e.V."]
[BlackTeam "USC Magdeburg"]
[WhiteTeamCountry "GER"]
[BlackTeamCountry "GER"]

1. c4 Nf6 2. g3 c6 3. Nf3 d5 4. b3 Bg4 5. Bg2 Nbd7 6. Bb2 e6 7. O-O Be7 8. d3
Bxf3 9. Bxf3 O-O 10. Nc3 a5 11. cxd5 exd5 12. d4 Re8 13. e3 Nf8 14. Bg2 Ne6 15.
Qc2 Nd7 16. Rad1 Bf6 17. Ne2 Nb6 18. Nc1 g6 19. Nd3 Nd7 20. Rfe1 Bg7 21. Bc3
Qb6 22. Rb1 Qa7 23. h4 Bf8 24. Bb2 a4 25. Bh3 axb3 26. axb3 f5 27. Ra1 1/2-1/2

[Event "Bundesliga 9697"]
[Site "Deutschland"]
[Date "1997.??.??"]
[Round "?.8"]
[White "Schnabel, Ralf"]
[Black "Kummerow, Heiko"]
[Result "0-1"]
[WhiteElo "2255"]
[BlackElo "2280"]
[PlyCount "66"]
[EventDate "1996.10.??"]
[EventType "team"]
[EventRounds "15"]
[EventCountry "GER"]
[SourceTitle "Bundesliga 9697"]
[Source "DeepChess"]
[SourceDate "2005.01.01"]
[SourceVersion "1"]
[SourceVersionDate "2005.01.01"]
[SourceQuality "1"]
[WhiteTeam "USC Magdeburg"]
[BlackTeam "SC Anderssen St.Ingbert 1920 e.V."]
[WhiteTeamCountry "GER"]
[BlackTeamCountry "GER"]

1. e4 e6 2. d4 d5 3. Nd2 Nf6 4. e5 Nfd7 5. Bd3 c5 6. c3 Nc6 7. Ne2 cxd4 8. cxd4
Qb6 9. Nf3 f6 10. exf6 Nxf6 11. O-O Bd6 12. b3 O-O 13. Bf4 Bxf4 14. Nxf4 Ne4
15. Nh5 g6 16. Ng3 Nxg3 17. hxg3 Nxd4 18. Ne5 Nc6 19. Qe2 Nxe5 20. Qxe5 Bd7 21.
Rae1 Rac8 22. Re3 Qc7 23. Qg5 Qd8 24. Qe5 Qc7 25. Qg5 Qd8 26. Qe5 Qf6 27. Qd6
Rf7 28. Qb4 e5 29. Qxb7 e4 30. Be2 Rc1 31. Rxc1 Qxf2+ 32. Kh2 Qxe3 33. Qxd5
Qh6+ 0-1